000 00819nam a2200253Ia 4500
003 OSt
005 20220923221342.0
006 a|||||r|||| 00| 0
007 ta
008 220922b |||||||| |||| 00| 0 hin d
024 _a197,363
037 _cTextual
040 _aARTS
_cARTS
_bhin
041 _2hin
_ahin
082 _aO152,6NNAw, M5
100 _aनायर, टी0 एन0 के0
245 0 _aअंधकार से प्रकाश की ओर
246 _aAandhakār se prakāsh kī ora
260 _aदिल्ली
_b प्रभात प्रका0
_c1985
300 _a112पृ.
_ccm.
650 _aहिन्दी साहित्य
_9156264
942 _hO152,6NNAw, M5
_cTEXL
_2CC
999 _c349234
_d349234